Advanced engineering mathematics / (Record no. 140986)
[ view plain ]
| 000 -LEADER | |
|---|---|
| fixed length control field | 00952nam a22002537a 4500 |
| 005 - DATE AND TIME OF LATEST TRANSACTION | |
| control field | 20180914121919.0 |
| 010 ## - LCCN (DPL NO) | |
| LC control number | B-705534 |
| 020 ## - INTERNATIONAL STANDARD BOOK NUMBER | |
| International Standard Book Number | 9788126554232 |
| Terms of availability | 869.00 |
| 035 ## - SYSTEM CONTROL NUMBER | |
| System control number | B-669641 |
| 035 ## - SYSTEM CONTROL NUMBER | |
| System control number | B-705534 |
| 037 ## - SOURCE OF ACQUISITION | |
| Source of stock number/acquisition | Asian Book Centre/Ven |
| Stock number | dpl |
| 037 ## - SOURCE OF ACQUISITION | |
| Source of stock number/acquisition | RK Books |
| 082 ## - DEWEY DECIMAL CLASSIFICATION NUMBER | |
| Classification number | 621.00151 |
| 100 ## - MAIN ENTRY--PERSONAL NAME | |
| Personal name | Kreyszig, Erwin |
| 245 ## - TITLE STATEMENT | |
| Title | Advanced engineering mathematics / |
| Statement of responsibility, etc | by Erwin Kreyszig |
| 250 ## - EDITION STATEMENT | |
| Edition statement | 10th ed |
| 260 ## - PUBLICATION, DISTRIBUTION, ETC. (IMPRINT) | |
| Place of publication, distribution, etc | New Delhi |
| Name of publisher, distributor, etc | John Wiley |
| Date of publication, distribution, etc | 2016 |
| -- | 2018 |
| 270 ## - ADDRESS | |
| Address | 4436/7, Ansari Road, Darya Ganj |
| City | New Delhi |
| Postal code | 110002 |
| 300 ## - PHYSICAL DESCRIPTION | |
| Extent | Various pagings |
| Dimensions | 25cm(pbk) |
| Other physical details | ill. |
| 500 ## - GENERAL NOTE | |
| General note | Includes bibliographical references and index |
| 942 ## - ADDED ENTRY ELEMENTS (KOHA) | |
| Source of classification or shelving scheme | Dewey Decimal Classification |
| Item type | English Books |
| Classification part | 621.00151 |
| Call number suffix | KRE |
| Withdrawn status | Lost status | Not for loan | Collection code | Home library | Current library | Date acquired | Source of acquisition | Cost, normal purchase price | Full call number | Barcode | Copy number | Cost, replacement price | Koha item type |
|---|---|---|---|---|---|---|---|---|---|---|---|---|---|
| Non-fiction | Ashok Vihar | Ashok Vihar | 12/06/2017 | BPPD/EN/2014-15/AV/16-17/413/15.2.2017/5057/28.2.2017/ 24.3.2017 | 809.00 | 621.00151 KRE | B-669641 | 1 | 809.00 | English Books | |||
| Non-fiction | Central Jail Tihar | Central Jail Tihar | 14/09/2018 | RK Books/IN1492/18-19/07-09-18/519/07-09-18/12-09-18 | 869.00 | 621.00151 KRE | B-705534 | 1 | 869.00 | English Books |
